Azərbaycan teatr tarixi (Record no. 419)

MARC details
000 -LEADER
fixed length control field 02623nam a22003017a 4500
003 - CONTROL NUMBER IDENTIFIER
control field OSt
005 - DATE AND TIME OF LATEST TRANSACTION
control field 20260512112950.0
008 - FIXED-LENGTH DATA ELEMENTS--GENERAL INFORMATION
fixed length control field 260512b |||||||| |||| 00| 0 aze d
020 ## - INTERNATIONAL STANDARD BOOK NUMBER
International Standard Book Number 9789952517132
040 ## - CATALOGING SOURCE
Original cataloging agency AZ-XaKU
Language of cataloging aze
Transcribing agency AZ-XaKU
041 0# - LANGUAGE CODE
Language code of text/sound track or separate title aze
050 14 - LIBRARY OF CONGRESS CALL NUMBER
Classification number PN2859 .A9 .R1293 .T3408 2017
100 1# - MAIN ENTRY--PERSONAL NAME
Relator term müəllif
Personal name Rəhimli, İlham,
Numeration sənətşünaslıq doktoru, professor ;
Titles and words associated with a name 1941 - ;
Dates associated with a name müəllif
245 1# - TITLE STATEMENT
Title Azərbaycan teatr tarixi
Statement of responsibility, etc. / İlham Rəhimli
264 ## - PRODUCTION, PUBLICATION, DISTRIBUTION, MANUFACTURE, AND COPYRIGHT NOTICE
Place of production, publication, distribution, manufacture Bakı:
Name of producer, publisher, distributor, manufacturer Şərq-Qərb,
300 ## - PHYSICAL DESCRIPTION
Extent 496 səhifə ;
Other physical details şəkilli ;
Dimensions 24.5 sm.
336 ## - CONTENT TYPE
Content type term text
Content type code txt
Source rdacontent
337 ## - MEDIA TYPE
Media type term unmediated
Media type code n
Source rdamedia
338 ## - CARRIER TYPE
Carrier type term volume
Carrier type code nc
Source rdacarrier
504 ## - BIBLIOGRAPHY, ETC. NOTE
Bibliography, etc. note Biblioqrafiya: səh. 482 - 493
505 0# - Formatted Contents Note
Formatted contents note I Bölmə. Milli "oyun" mədəniyyəti -- Meydan teatrı -- Şəbih tamaşaları -- "Kilimarası": Bəbək. İpdəoyuq. Kosagəlin -- II Bölmə. Peşəkar teatrın təşəkkülü və inkişaf mərhələləri -- Musiqili teatrların təşəkkülü -- Musiqili teatrın yaradıcıları -- Şəkillərdə əbədiləşən tarix
520 ## - SUMMARY, ETC.
Summary, etc. Sənətşünaslıq doktoru, professor İlham Rəhimlinin "Azərbaycan teatr tarixi" fundamental tədqiqi əsəri 5 cilddən ibarətdir. Alimin bu əsərlərində Azərbaycan milli teatr tarixi min-min illər əvvəllərdən mövcud olan xalq oyun-tamaşalrından, meydan teatrından başlayaraq günümzə qədər olan dövrü əhatə edilib. Azərbaycan teatrşünalığında peşəkar səhnə sənətimizin bütün tarixi mərhələləri - təşəkkülü, inkişaf tarixi, əsas yaradıcılıq mərhələləri, bədii-estetik səciyyələri, poetikasının əsasları, janr üslub müxtəlifliyi ilk dəfə konseptual şəkildə, elmi-nəzəri prinsiplərlə, xronoloji ardıcıllıqla araşdırılıb.<br/>Birinci cilddə müxtəlif milli xalq oyun-tamaşalarının, meydan teatrının, şəbih teatrının, kilimarasının əsasları verilib. Milli peşəkar teatrımız 1873-cü il martın 10-da Bakıda təşəkkül tapıb. Bunun ardınca Tiflisdə, İrəvanda, Şuşada, Şamaxıda, Naxçıvanda, Şəkidə, Aşqabadda, Təbrizdə, eləcə də Azərbaycanın müxtəlif rayonlarnda teatrların yaranışı və təşəkkül yolu başlayıb. Bu cilddə müxtəlif məkanlarda teatr prosesinin dövlət təsisatına qədər olan dövrü tədqiq və təhlil olunub. Milli opera və operetta janrlarının yarnması və ilkin inkişaf dövrü də brinci cilddə verilib.<br/>
521 #l - TARGET AUDIENCE NOTE
Target audience note Ümumi oxucu kütləsi
650 #7 - SUBJECT ADDED ENTRY--TOPICAL TERM
Source of heading or term AZ-XaKU
Topical term or geographic name entry element Teatrşünaslıq
655 ## - INDEX TERM--GENRE/FORM
Genre/form data or focus term elmi-publisistik
942 ## - ADDED ENTRY ELEMENTS (KOHA)
Koha item type Book
Holdings
Withdrawn status Lost status Source of classification or shelving scheme Damaged status Not for loan Home library Current library Date acquired Total checkouts Full call number Barcode Date last seen Copy number Price effective from Koha item type
    Library of Congress Classification     Karabakh University Main Library Karabakh University Art Library 05/12/2026   PN2859 .A9 .R1293 .T3428 2017 0000001194 05/12/2026 1 05/12/2026 Book